Logo BPK

Bibliografia Prac Pracowników

Politechniki Koszalińskiej

Thermal model based on the electrical analogy of the thermal processes / (Rekord nr 4)

Szczegóły MARC
000 -ETYKIETA REKORDU
podpole kontrolne o stałej długości 01021naa a2200193 i 4500
001 - NUMER KONTROLNY REKORDU
podpole kontrolne 4
003 - IDENTYFIKATOR NUMERU KONTROLNEGO REKORDU
podpole kontrolne KOSZ 005
005 - DATA OSTATNIEJ MODYFIKACJI REKORDU
podpole kontrolne 20180201135612.0
008 - POLE O STAŁEJ DŁUGOŚCI - DANE KONTROLNE
podpole kontrolne o stałej długości 151107s1999 us a f |100 | eng d
040 ## - ŹRÓDŁO KATALOGOWANIA
Instytucja, która utworzyła rekord BPK
Instytucja, która dokonała modyfikacji KOSZ 005/HR
041 ## - KOD JĘZYKA
Kod języka tekstu eng
044 ## - KOD KRAJU WYDAWCY/PRODUCENTA
Kod kraju wydawcy/producenta USA
100 1# - NAZWA OSOBOWA
Nazwa osobowa SUSZYŃSKI, Zbigniew.
Lata pracy 1996 - .
Instytucja Politechnika Koszalińska - Wydział Elektroniki,
Wydział Katedra Elektroniki Ciała Stałego
245 10 - TYTUŁ/ODPOWIEDZIALNOŚĆ
Tytuł Thermal model based on the electrical analogy of the thermal processes /
Pozostałe elementy strefy tytułu i oznaczenia odpowiedzialności Zbigniew Suszyński.
500 ## - UWAGI OGÓLNE
Tekst uwagi bibliografia załącznikowa (Informator o publikowanych wynikach prac naukowo-badawczych w 2002 roku Wydziału Elektroniki).
773 0# - TYTUŁ DOKUMENTU MACIERZYSTEGO
Wyrażenie wprowadzające W :
Tytuł Photoacoustic and photothermal phenomena : 10th international conference, Rome, Italy August 23-27, 1998. -
Adres wydawniczy Woodbury : American Institute of Physics, 1999. -
Informacje dotyczące relacji s. 197-199
Strefa serii AIP Conference Proceedings ; 463
ISBN 9781563968051
711 22 - HASŁO DODATKOWE - NAZWA IMPREZY
Nazwa imprezy International Conference on Photoacoustic and Photothermal Phenomena
Oznaczenie części/sekcji dzieła (10 ;
Data imprezy 1998 ;
Miejsce imprezy Rzym, Włochy)
942 ## - HASŁO DODATKOWE - ELEMENTY(KOHA)
Typ dokumentu Rozdział
Schemat klasyfikacji Uniwersalna klasyfikacja dziesiętna

Brak dostępnych egzemplarzy.

© 2014 Biblioteka Politechniki Koszalińskiej :: BIBLIOGRAFIA PRAC PRACOWNIKÓW